Vista normal
Vista MARC
Entrada Corporate Name
Número de registros utilizados en: 1
001 - CONTROL NUMBER
- control field: 37226
003 - CONTROL NUMBER IDENTIFIER
- control field: OSt
005 - DATE AND TIME OF LATEST TRANSACTION
- control field: 20210428110929.0
008 - FIXED-LENGTH DATA ELEMENTS
- fixed length control field: 210428|| aca||aabn | a|a d
040 ## - CATALOGING SOURCE
- Original cataloging agency: OSt
- Transcribing agency: OSt
110 ## - HEADING--CORPORATE NAME
- Corporate name or jurisdiction name as entry element: Centro de Investigación y Acción Social. CIAS
670 ## - SOURCE DATA FOUND
- Source citation: Work cat.: (OSt)7759: 15373, Impuestos y desarrollo económico de Colombia / , 1968